000 00537nam a2200205 a 4500
005 20260322212052.0
008 data
010 _a90-8447
020 _a0415050693
020 _a978-0-415-05069-2
096 _aW 50 E47e 1990
100 1 _aEllos, William J.
245 1 0 _aEthical practice in clinical medicine/
_cWilliam J. Ellos.
260 _aNew York
_bRoutledge
_cc1990
300 _a190 p.
500 _aIncludes bibliographical references and index.
650 0 2 _aEthics, Medical
650 0 2 _aPhilosophy, Medical
001 data
999 _c1227
_d1227